000 00715nam a2200229 a 4500
008
020 _a0198536305 (pbk.)
049 _aMAIN
090 _aQA911
_aLIG
100 _aLighthill, James.
_q(James)
245 3 _aAn informal introduction to theoratical fluid mechanics /
_cJames Lighthill
260 _aOxford :
_bClarendon press ,
_cc1986
300 _a xi, 260 p. :
_bill. ;
_c24 cm.
440 _aThe institute of mathematics & ITS applications monograph series.
500 _aIncludes index.
650 _aFluid dynamics
907 _a.b10157384
_b03-10-16
_c05-03-05
003
005 20230123134134.0
040 _cNUST
942 _cBOOKS
_kQA911
_kLIG
999 _c160729
_d160729